Представление документа в формате RUSMARC

ПолеНазваниеЗначение
  Тип записи a
  Библиографический уровень c
001 Контрольный номер RU/SLIB/B/208734065
005 Дата корректировки 20240320160819.9
010 Индекс ISBN __
d Цена 9 000-00
101 Язык документа 0_
a Язык текста rus
200 Заглавие и сведения об ответственности 0_
a Заглавие Из истории российского мундира
e Сведения, относящиеся к заглавию сборник
b Общее обозначение материала Текст
210 Выходные данные 1_
a Место издания М.
c Издательство Владос
d Дата издания 1996
215 Физическое описание __
a Объем 431 с.
c Иллюстрации/тип воспроизводства ил.
606 Тематические рубрики __
a Основная рубрика Вооруженные силы СССР и России
y Географическая подрубрика Россия
610 Ключевые слова 0_
a Ключевые слова армия; мундиры; история мундира
686 Индексы других классификаций __
a Классификационный индекс 68.424.3(2)
700 Автор _0
a Фамилия Охлябинин
b Имя С. Д.
4 Код отношения 070
801 Источник записи _0
a Страна RU
b Организация Муниципальное бюджетное учреждение культуры "Централизованная библиотечная система" г. Сургут (Центральная городская библиотека им. А. С. Пушкина)
g Правила каталогизации КиК/Уланова
801 Источник записи _1
a Страна RU
b Организация Муниципальное бюджетное учреждение культуры "Централизованная библиотечная система" г. Сургут (Центральная городская библиотека им. А. С. Пушкина)
g Правила каталогизации КиК/Уланова
852 Данные о местонахождении __
j Шифр хранения 68.424.3(2)
c Каталожный индекс 68.49(2Рос)23
i Авторский знак О-92
p Инвентарный номер 65318
901 Тип документа __
t Тип документа x
969 Тип издания __
a Тип издания сборник
990 Данные о заказе (DOS) __
j Количество экземпляров (DOS) 4